In this house of Brede

Novela que retrata la vida religiosa desde la perspectiva de la historia de Philippa Talbot, una mujer exitosa de negocios que para sorpresa de sus conocidos decide abandonar esa vida y entrar a un monasterio benedictino enclaustrado.

Gespeichert in:
Bibliographische Detailangaben
1. Verfasser: Godden, Rumer
Format: Buch
Sprache:Undetermined
Veröffentlicht: New York, Estados Unidos Viking 1969
Schlagworte:
Tags: Tag hinzufügen
Keine Tags, Fügen Sie den ersten Tag hinzu!

MARC

LEADER 00000nam a2200000Ia 4500
008 170316s9999 xx 000 0 und d
040 |a cru BVZT 
090 |a 820 G-7i 
100 |a Godden, Rumer  |9 839 
245 |a In this house of Brede  |c / Rumer Godden 
260 |a New York, Estados Unidos 
260 |b Viking 
260 |c 1969 
300 |a 376 páginas 
520 |a Novela que retrata la vida religiosa desde la perspectiva de la historia de Philippa Talbot, una mujer exitosa de negocios que para sorpresa de sus conocidos decide abandonar esa vida y entrar a un monasterio benedictino enclaustrado. 
650 |a LITERATURA INGLESA  |9 12 
650 |a EN IDIOMA INGLÉS  |9 129 
650 |a NOVELA  |9 13 
999 |c 6907  |d 6907 
942 |c 15 D  |h 820 G-7i  |2 z